000 00367cam a2200169ua 4500
020 _cRs. 2.45
041 _amal
_h
082 _a321.094
_bVIS/LO
100 _aViswanathan, R .
245 _aLokaviplavam
260 _aCalicut :
_bP.K Brothers ,
_c1962.
300 _a220 ; .
365 _aRs. 2.45
504 _a
942 _cBK
999 _c633
_d633